An Introduction to Basics of Academic Project Preparartion (Record no. 15224)

MARC details
000 -LEADER
fixed length control field 00473nam a22001817a 4500
008 - FIXED-LENGTH DATA ELEMENTS--GENERAL INFORMATION
fixed length control field 230803b ||||| |||| 00| 0 eng d
020 ## - INTERNATIONAL STANDARD BOOK NUMBER
International Standard Book Number 9789327272840
040 ## - CATALOGING SOURCE
Original Cataloguing agency Sibsagar Commerce College Central Library
082 ## - DEWEY DECIMAL CLASSIFICATION NUMBER
Classification number 808.06658
Book Number MIT
100 ## - MAIN ENTRY--PERSONAL NAME
Personal name Mitra,G.S.
245 ## - TITLE STATEMENT
Title An Introduction to Basics of Academic Project Preparartion
250 ## - EDITION STATEMENT
Edition statement 2nd
260 ## - PUBLICATION, DISTRIBUTION, ETC.
Place of publication, distribution, etc. New Delhi
Name of publisher, distributor, etc. Kalyani Pub,Ludhiana
Date of publication, distribution, etc. 2018
300 ## - PHYSICAL DESCRIPTION
Pages 140p.;
650 ## - Subject
Subject Academic Project
700 ## - Added Entry Personal Name
Personal Name Mitra,M.K.
942 ## - ADDED ENTRY ELEMENTS (KOHA)
Source of classification or shelving scheme Dewey Decimal Classification
Koha item type Books

No items available.



Sibsagar Commerce College © 2020. All rights reserved.
Powered by Koha.
Hosted by LIBKART.